Vyāpārika tathā audyogika saṅgaṭhana evaṃ prabandha. (Record no. 67448)

MARC details
000 -LEADER
fixed length control field 00538cam a22002051 4500
001 - CONTROL NUMBER
control field sa 66000849
003 - CONTROL NUMBER IDENTIFIER
control field DLC
005 - DATE AND TIME OF LATEST TRANSACTION
control field 20260227112217.0
008 - FIXED-LENGTH DATA ELEMENTS--GENERAL INFORMATION
fixed length control field 890420s1965 xx 000 0 hino
010 ## - LIBRARY OF CONGRESS CONTROL NUMBER
LC control number sa 66000849
035 ## - SYSTEM CONTROL NUMBER
System control number (OCoLC)23547282
040 ## - CATALOGING SOURCE
Original cataloging agency DLC
Transcribing agency MiU
Modifying agency DLC
042 ## - AUTHENTICATION CODE
Authentication code premarc
050 00 - LIBRARY OF CONGRESS CALL NUMBER
Classification number HD37
Item number .B26
100 1# - MAIN ENTRY--PERSONAL NAME
Personal name Bahuguṇā, Surendradatta.
245 10 - TITLE STATEMENT
Title Vyāpārika tathā audyogika saṅgaṭhana evaṃ prabandha.
260 ## - PUBLICATION, DISTRIBUTION, ETC.
Date of publication, distribution, etc. [1965]
300 ## - PHYSICAL DESCRIPTION
Extent 16, 707 p.
Dimensions 23 cm.
650 #0 - SUBJECT ADDED ENTRY--TOPICAL TERM
Topical term or geographic name entry element Industrial management

No items available.

Powered by Koha